000 00609nam a2200253Ia 4500
008 210210b1931 xxu||||| |||| 00| 0 eng d
041 _aeng
082 _a513/120
100 _aPRASAD (Ganesh)
245 _aSix lectures on the mean value theorem of the differential calculus
260 _aCalcutta
_bUniversity of Calcutta
_c1931
650 _avalue
650 _atheorem
650 _athe
650 _aSix
650 _aon
650 _aof
650 _amean
650 _alectures
650 _adifferential
650 _acalculus
690 _aDifferential Calculus
906 _a007400
999 _c139891
_d139891